LEADER 01857nam 2200409 n 450 001 996383852903316 005 20221107143138.0 035 $a(CKB)1000000000586903 035 $a(EEBO)2264186771 035 $a(UnM)99851919 035 $a(EXLCZ)991000000000586903 100 $a19920416d1635 uy | 101 0 $aeng 135 $aurbn||||a|bb| 200 00$aTwo treatises. The one of repentance, the other of Christs temptations. Penned by the late faithfull minister of Gods word, Daniel Dyke, Batchelour in Diuinitie. Published since his death by his brother I.D. minister of Gods Word$b[electronic resource] 210 $aLondon $cPrinted by Iohn Beale$d1635 215 $a[8], 358, [18] p 300 $aAnother edition, with added tables, of STC 7408. 300 $aEditor's dedication signed: Ier. Dyke. 300 $aThe first leaf is blank. 300 $a"Michael and the dragon, or Christ tempted and Satan foyled" has separate dated title page; pagination and register are continuous. 300 $aPagination and register are continuous. 300 $aConsiderable print show-through; some pages stained and torn. 300 $aReproduction of the original in the Union Theological Seminary (New York, N.Y.). Library. 330 $aeebo-0160 606 $aRepentance$vEarly works to 1800 615 0$aRepentance 700 $aDyke$b Daniel$fd. 1614.$01004969 701 $aDyke$b Jeremiah$f1584-1639.$01001094 801 0$bCu-RivES 801 1$bCu-RivES 801 2$bCStRLIN 801 2$bWaOLN 906 $aBOOK 912 $a996383852903316 996 $aTwo treatises. The one of repentance, the other of Christs temptations. Penned by the late faithfull minister of Gods word, Daniel Dyke, Batchelour in Diuinitie. Published since his death by his brother I.D. minister of Gods Word$92374572 997 $aUNISA